KOHA-Header-6

Human Resources and Personal Management (Record no. 9142)

000 -LEADER
fixed length control field 00265nam a2200109Ia 4500
020 ## - INTERNATIONAL STANDARD BOOK NUMBER
ISBN 0-07-114849-3
100 ## - MAIN ENTRY--AUTHOR NAME
Personal name William B. Werther
245 #0 - TITLE STATEMENT
Title Human Resources and Personal Management
260 ## - PUBLICATION, DISTRIBUTION, ETC. (IMPRINT)
Place of publication New Delhi
Name of publisher Bantam Books Inc
Year of publication 2002
300 ## - PHYSICAL DESCRIPTION
Number of Pages 561
942 ## - ADDED ENTRY ELEMENTS (KOHA)
Koha item type Books
Holdings
Withdrawn status Lost status Collection code Permanent Location Current Location Shelving location Date acquired Full call number Accession Number Koha item type
    Management MAJU MAJU   2019-09-14 658.848 4516 Management

Powered by Koha